[Event "New Hampshire-ch playoff"]
[Site "Nashua"]
[Date "1992.09.??"]
[Round "?"]
[White "Fang, Joseph"]
[Black "Headley, Ken"]
[Result "1-0"]
[WhiteElo "2394"]
[BlackElo "2036"]
[PlyCount "59"]
[EventDate "1992.09.??"]
[EventType "tourn"]
[EventRounds "5"]
[EventCountry "USA"]
[SourceTitle "EXT 2005"]
[Source "ChessBase"]
[SourceDate "2004.11.15"]
[SourceVersion "1"]
[SourceVersionDate "2004.11.15"]
[SourceQuality "1"]

1. d4 Nf6 2. c4 g6 3. Nc3 Bg7 4. e4 d6 5. f4 0-0 6. Nf3 c5 7. d5 e6 8. Be2 exd5 9. cxd5 Bg4 10. 0-0 Nbd7 11. Re1 Re8 12. h3 Bxf3 13. Bxf3 Qa5 14. Qe2 Re7 15. g4 Qb4 16. g5 Ne8 17. Bd2 c4 18. Bg4 Nc5 19. e5 Nd3 20. Rf1 dxe5 21. f5 Nf4 22. Qf3 gxf5 23. Bxf5 Nd6 24. Ne4 Qb6+ 25. Be3 Qc7 26. Nf6+ Kh8 27. Bxh7 Ne8 28. Bxf4 Nxf6 29. gxf6 Bxf6 30. Be3 1-0

[Event "New Hampshire-ch playoff"]
[Site "Nashua"]
[Date "1992.09.??"]
[Round "?"]
[White "Headley, Ken"]
[Black "Cotreau, Kevin L"]
[Result "1/2-1/2"]
[WhiteElo "2036"]
[BlackElo "2203"]
[PlyCount "81"]
[EventDate "1992.09.??"]
[EventType "tourn"]
[EventRounds "5"]
[EventCountry "USA"]
[SourceTitle "EXT 2005"]
[Source "ChessBase"]
[SourceDate "2004.11.15"]
[SourceVersion "1"]
[SourceVersionDate "2004.11.15"]
[SourceQuality "1"]

1. e4 c5 2. Nf3 e6 3. d4 cxd4 4. Nxd4 Nc6 5. Nc3 a6 6. g3 Nge7 7. Bg2 Nxd4 8. Qxd4 Nc6 9. Qd1 b5 10. 0-0 Be7 11. Nd5 Bc5 12. Qh5 d6 13. Bg5 Qa5 14. Ne3 Ne5 15. a3 Qc7 16. Ng4 Nxg4 17. Qxg4 e5 18. Qe2 f6 19. Bd2 Bd4 20. c3 Ba7 21. Be3 Be6 22. Rfe1 Bxe3 23. Qxe3 Bb3 24. Rac1 Qc5 25. Bf3 Qxe3 26. Rxe3 Ke7 27. Rd3 Rac8 28. Bd1 Be6 29. Bc2 Rhd8 30. Rcd1 h6 31. f4 a5 32. f5 Bf7 33. R3d2 Rc5 34. g4 d5 35. Bb3 d4 36. Bxf7 Kxf7 37. Kf2 Rc4 38. Kf3 b4 39. axb4 axb4 40. cxd4 exd4 41. Ra1 1/2-1/2

[Event "New Hampshire-ch playoff"]
[Site "Nashua"]
[Date "1992.09.??"]
[Round "?"]
[White "Headley, Ken"]
[Black "Terrie, Henry L"]
[Result "1/2-1/2"]
[WhiteElo "2036"]
[BlackElo "2200"]
[PlyCount "64"]
[EventDate "1992.09.??"]
[EventType "tourn"]
[EventRounds "5"]
[EventCountry "USA"]
[SourceTitle "EXT 2005"]
[Source "ChessBase"]
[SourceDate "2004.11.15"]
[SourceVersion "1"]
[SourceVersionDate "2004.11.15"]
[SourceQuality "1"]

1. e4 d6 2. d4 Nf6 3. Nc3 c6 4. Bg5 Nbd7 5. f4 Qa5 6. Qd2 e5 7. Nf3 Be7 8. Bc4 b5 9. fxe5 dxe5 10. dxe5 bxc4 11. exf6 Bxf6 12. Bxf6 Nxf6 13. Qg5 Qxg5 14. Nxg5 0-0 15. 0-0-0 Ng4 16. Rd4 Ne5 17. Rhd1 Bg4 18. Rf1 Rfd8 19. Rxd8+ Rxd8 20. h3 Bc8 21. Nf3 Nxf3 22. Rxf3 Kf8 23. Rf1 Ke7 24. Rd1 Rxd1+ 25. Nxd1 Kd6 26. Kd2 Ke5 27. Ke3 f5 28. exf5 Bxf5 29. c3 Bb1 30. a3 Be4 31. g3 g5 32. Nf2 Bf5 1/2-1/2